Escuela de Estudios Superiores, curso de 1901 a 1902 : (Record no. 53503)

MARC details
000 -LEADER
campo de control de longitud fija 01413nam a2200265 i 4500
001 - NÚMERO DE CONTROL
campo de control 53503
003 - IDENTIFICADOR DE NÚMERO DE CONTROL
campo de control ES-MaACL
005 - FECHA Y HORA DE LA ÚLTIMA TRANSACCIÓN
campo de control 20250705063015.0
007 - CAMPO FIJO DE DESCRIPCIÓN FÍSICA--INFORMACIÓN GENERAL
campo de control de longitud fija t|
008 - DATOS DE LONGITUD FIJA--INFORMACIÓN GENERAL
campo de control de longitud fija 931025e1901 sp ||||1| spa d
110 2# - ENTRADA PRINCIPAL--NOMBRE DE ENTIDAD CORPORATIVA
Nombre de entidad corporativa o nombre de jurisdicción como elemento de entrada Ateneo de Madrid.
Unidad subordinada Escuela de Estudios Superiores (1896-1907)
Término indicativo de función/relación entidad responsable
9 (RLIN) 1958
245 10 - MENCIÓN DEL TÍTULO
Título Escuela de Estudios Superiores, curso de 1901 a 1902 :
Resto del título lista de profesores y asignaturas, programas : memoria de Secretaría referente al curso de 1900 a 1901 /
Mención de responsabilidad, etc. Ateneo Científico, Literario y Artístico de Madrid
246 1# - FORMA VARIANTE DEL TITULO
Título propio/Titulo breve Escuela de Estudios Superiores, curso de 1901 a 1902 :
Resto del título memoria de Secretaría referente al curso de 1900 a 1901
260 ## - PUBLICACIÓN, DISTRIBUCIÓN, ETC.
Lugar de publicación, distribución, etc. Madrid :
Nombre del editor, distribuidor, etc. Ateneo Científico, Literario y Artístico,
Fecha de publicación, distribución, etc. 1901
Fabricante (Estab. Tip. Sucesores de Rivadeneyra)
300 ## - DESCRIPCIÓN FÍSICA
Extensión 69 páginas ;
Dimensiones 25 cm.
530 ## - NOTA DISPONIBLE DE FORMULARIO FÍSICO ADICIONAL
Nota de formato físico adicional disponible Disponible en formato digital
610 2# - PUNTO DE ACCESO ADICIONAL DE MATERIA--NOMBRE DE ENTIDAD CORPORATIVA
Nombre de entidad corporativa o nombre de jurisdicción como elemento de entrada Ateneo de Madrid.
Unidad subordinada Escuela de Estudios Superiores (1896-1907)-
Subdivisión de forma Memorias.
9 (RLIN) 1960
610 2# - PUNTO DE ACCESO ADICIONAL DE MATERIA--NOMBRE DE ENTIDAD CORPORATIVA
Nombre de entidad corporativa o nombre de jurisdicción como elemento de entrada Ateneo de Madrid-
Subdivisión de forma Obras digitalizadas.
9 (RLIN) 1930
852 ## - LOCALIZACIÓN
Ubicación ES-MaACL
Número de control de estantería B-1625
Ubicación en estantería Sala Pardo Bazán
Encuadernación Encuadernado con otras memorias
852 ## - LOCALIZACIÓN
Ubicación ES-MaACL
Ubicación en estantería Depósito folletos
Donativo/Legado Legado M. de Lafuente
Número de control de estantería Fol-Laf-132
856 4# - LOCALIZACIÓN Y ACCESO ELECTRÓNICOS
Identificador Uniforme de Recursos <a href="http://www.ateneodemadrid.com/biblioteca_digital/folletos/Folletos-0167.pdf">http://www.ateneodemadrid.com/biblioteca_digital/folletos/Folletos-0167.pdf</a>
Texto de enlace Versión en línea
Nota pública (Colección digital del Ateneo de Madrid)
942 ## - ELEMENTOS DE ENTRADA SECUNDARIOS (KOHA)
Fuente del sistema de clasificación o colocación Clasificación decimal universal
Tipo de ítem Koha Folleto
Suprimir en OPAC No
Holdings
Estatus retirado Estado de pérdida Fuente del sistema de clasificación o colocación Estado de daño No para préstamo Colección Biblioteca de origen Biblioteca actual Ubicación en estantería Fecha de adquisición Fuente de adquisición Total de préstamos Signatura topográfica completa Código de barras Visto por última vez Tipo de ítem Koha
    Clasificación decimal universal     Biblioteca Digital del Ateneo de Madrid Biblioteca del Ateneo de Madrid Biblioteca del Ateneo de Madrid Depósito folletos 17/01/2008 Legado   Fol-Laf-132 1056221 23/02/2023 Folleto
    Clasificación decimal universal     Biblioteca Digital del Ateneo de Madrid Biblioteca del Ateneo de Madrid Biblioteca del Ateneo de Madrid Sala Pardo Bazán 17/01/2008     B-1625 1056220 23/02/2023 Libro impreso